Robert Pattinson Movies! - Statistics

General Stats
  • This quiz has been taken 38 times
  • The average score is 9 of 35
Answer Stats
Year Movie % Correct
2022 The Batman
86%
2008 Twilight
86%
2005 Harry Potter and the Goblet of Fire
50%
2010 Remember Me
39%
2020 Tenet
36%
2017 Good Time
32%
2019 The King
32%
2019 The Lighthouse
32%
2020 The Devil All the Time
29%
2011 The Twilight Saga: Breaking Dawn Part 1
29%
2012 The Twilight Saga: Breaking Dawn Part 2
29%
2010 The Twilight Saga: Eclipse
29%
2009 The Twilight Saga: New Moon
29%
2016 The Lost City of Z
25%
2011 Water For Elephants
25%
2012 Cosmopolis
21%
2015 Queen of the Desert
21%
2015 The Childhood of A Leader
21%
2014 The Rover
21%
2012 Bel Ami
18%
2018 Damsel
18%
2008 How to Be
18%
2015 Life
18%
2008 Little Ashes
18%
2007 The Bad Mother's Handbook
18%
2006 The Haunted Airman
18%
2018 High Life
14%
2010 Love and Distrust
14%
2014 Maps to the Stars
14%
2004 Vanity Fair
14%
2019 Waiting For the Barbarians
14%
2004 The Sword of Xanten
4%
2021 Crisis
0%
2013 Legend of the Red Reaper
0%
2014 Parts Per Billion
0%
No matching quizzes found
Score Distribution
Percent of People with Each Score
Percentile by Number Answered
Your Score History
You have not taken this quiz